| 000 | 00496cam a2200181ua 4500 | ||
|---|---|---|---|
| 003 | OSt | ||
| 008 | 240213b |||||||| |||| 00| 0 eng d | ||
| 041 | _aeng | ||
| 082 |
_a635 _bPET/PR |
||
| 100 |
_aPeter, K. V _9305 |
||
| 245 | 0 | 0 | _aPropagation of horticultural crops / |
| 260 |
_aNew Delhi : _bNew India Publishing Agency , _c2007. |
||
| 300 |
_a251 ; _eCD. |
||
| 490 | 0 | _aHorticultural Science Series No. 6, | |
| 700 | 1 |
_aMarkose, B L . _96009 |
|
| 700 | 1 |
_aRajan, S _96008 |
|
| 942 | _cBK | ||
| 999 |
_c13256 _d13256 |
||